000 00633nam a22002057a 4500
001 0074
003 DO-SdBNP
005 20180214112935.0
007 0074
008 151209b 2003 dr | |||| 00| 0 spa d
040 _aBPMSU
_bspa
_cBPMSU
092 _axxxxxxx
_bxxxxxxxx
100 1 0 _aTaveras, Ignacio,
_d1945-
245 1 3 _aEl hombre que quiso escribir los mil poemas /
_cIgnacio Taveras ; prólogo Luis Grano de Oro Martínez
260 _aSanto Domingo :
_bVeprisa,
_c2003
500 _aIncluye datos biográficos del autor en la contracubierta
942 _2ddc
_cBK
945 _aInventariado, 2018/ YL
956 _aBrenda Tavárez
999 _c9086
_d9086